[Event "Play for Durgesh Fundraiser Blitz"]
[Site "Vishy Anand Arena"]
[Date "2020.09.19"]
[Round "7"]
[White "Legacyplayer"]
[Black "srujankeerthan2005"]
[Result "0-1"]
[WhiteElo "1938"]
[BlackElo "1864"]
[Annotator "NA"]
[PlyCount "134"]
[EventDate "2020.09.19"]
[EventType "swiss (blitz)"]

1. d4 Nf6 2. c4 e6 3. Nc3 d5 4. cxd5 exd5 5. Bg5 Be7 6. Qc2 c6 7. e3 Ne4 8. Bxe7 Qxe7 9. Nxd5 cxd5 10. Qxc8+ Qd8 11. Qxb7 O-O 12. Bd3 Qa5+ 13. b4 Qa3 14. Ne2 Qxd3 15. Qxa8 Qd2+ 16. Kf1 Qb2 17. Re1 Qxa2 18. Qb7 a6 19. Qb6 Nd7 20. Qa5 Qc4 21. f3 f5 22. fxe4 fxe4+ 23. Kg1 Qd3 24. Nf4 Rxf4 25. exf4 Qxd4+ 26. Kf1 Qd3+ 27. Kf2 Qd2+ 28. Kg3 Qd3+ 29. Kh4 Nf6 30. Qd8+ Kf7 31. Qc7+ Kg6 32. Qe5 h6 33. f5+ Kh7 34. Qf4 Qc2 35. Rhf1 Qa4 36. g4 Qe8 37. Kg3 d4 38. Rf2 e3 39. Rfe2 Ne4+ 40. Kg2 Nc3 41. Rxe3 dxe3 42. Rxe3 Qc6+ 43. Qf3 Nd5 44. Re4 Qc2+ 45. Kg3 Qc6 46. Re6 Qc7+ 47. Kh3 Qc4 48. Qg3 Nf4+ 49. Kh4 Nxe6 50. fxe6 g5+ 51. Kh3 Qxe6 52. Qg2 Qg6 53. Qg3 Qg7 54. Kg2 Kh8 55. Kh3 a5 56. Qg2 Qb2 57. Qa8+ Kg7 58. Qe4 Qf6 59. Qg2 Kg6 60. Qg3 Kg7 61. Qc3 h5 62. Qc7+ Kg6 63. Qg3 h4 64. Qg2 axb4 65. Qe4+ Kg7 66. Qb7+ Kh6 67. Qe4 Qc3+ 0-1

[Event "Play for Durgesh Fundraiser Blitz"]
[Site "Vishy Anand Arena"]
[Date "2020.09.19"]
[Round "7"]
[White "Garvgaur1008"]
[Black "Ramul"]
[Result "1-0"]
[WhiteElo "1936"]
[BlackElo "1906"]
[Annotator "NA"]
[PlyCount "57"]
[EventDate "2020.09.19"]
[EventType "swiss (blitz)"]

1. d4 Nf6 2. Nf3 d5 3. c4 e6 4. g3 Be7 5. Bg2 O-O 6. O-O dxc4 7. Qc2 Nbd7 8. Qxc4 Nb6 9. Qc2 Re8 10. Nc3 Bb4 11. Bf4 Nfd5 12. Bd2 Bxc3 13. bxc3 Nc4 14. Bc1 c5 15. Qd3 b5 16. Ng5 f5 17. e4 Nf6 18. exf5 Rb8 19. fxe6 h6 20. Nf7 Qc7 21. d5 Ne5 22. Nxe5 Qxe5 23. Bf4 Qh5 24. Bxb8 Ba6 25. Bf4 Ng4 26. h3 Nf6 27. d6 Rxe6 28. d7 Nxd7 29. Qxd7 1-0

[Event "Play for Durgesh Fundraiser Blitz"]
[Site "Vishy Anand Arena"]
[Date "2020.09.19"]
[Round "7"]
[White "Padmaesh M K"]
[Black "Dev11"]
[Result "1-0"]
[WhiteElo "1930"]
[BlackElo "1727"]
[Annotator "NA"]
[PlyCount "63"]
[EventDate "2020.09.19"]
[EventType "swiss (blitz)"]

1. Nf3 Nf6 2. d4 e6 3. e3 d5 4. Bd3 c5 5. O-O Nc6 6. b3 cxd4 7. exd4 Bd6 8. Bb2 g5 9. Nxg5 Rg8 10. Nf3 Qc7 11. h3 h5 12. Ne5 Nxe5 13. dxe5 Bxe5 14. Bb5+ Bd7 15. Bxd7+ Nxd7 16. Bxe5 Qxe5 17. Nd2 Qf5 18. Kh2 Rc8 19. c4 d4 20. Qf3 Qe5+ 21. Kh1 b6 22. Ne4 Nc5 23. Nf6+ Ke7 24. Nxg8+ Rxg8 25. Rae1 Qg5 26. Qb7+ Nd7 27. Rd1 Kf6 28. Rxd4 e5 29. Rd6+ Kf5 30. Rxd7 e4 31. Qd5+ Kf4 32. Rxf7+ 1-0

[Event "Play for Durgesh Fundraiser Blitz"]
[Site "Vishy Anand Arena"]
[Date "2020.09.19"]
[Round "7"]
[White "neshaqn"]
[Black "VRK"]
[Result "1/2-1/2"]
[WhiteElo "1909"]
[BlackElo "1599"]
[Annotator "NA"]
[PlyCount "144"]
[EventDate "2020.09.19"]
[EventType "swiss (blitz)"]

1. d4 Nf6 2. c4 e6 3. Nf3 d5 4. Nc3 Be7 5. cxd5 exd5 6. Bg5 O-O 7. Qc2 c6 8. e3 Nbd7 9. Bd3 b5 10. O-O h6 11. Bf4 a5 12. Ne5 Nxe5 13. Bxe5 Nd7 14. Bg3 Bb7 15. Ne2 c5 16. Bxb5 Rc8 17. Qd2 Nf6 18. dxc5 Ne4 19. Qd1 Rxc5 20. Bd3 Bf6 21. Rb1 Nxg3 22. Nxg3 d4 23. exd4 Qxd4 24. Be2 Rd8 25. Qb3 Bd5 26. Qb6 Qb4 27. Qxb4 axb4 28. a3 bxa3 29. bxa3 Ra5 30. Rb5 Rxa3 31. Rd1 Re8 32. Rbxd5 Ra2 33. Bf3 Rb8 34. Rf1 g6 35. Rdd1 Bg7 36. Rb1 Rd8 37. Rbd1 Rc8 38. Ne4 g5 39. Nd6 Rd8 40. Nf5 Rf8 41. Nxg7 Kxg7 42. Rd7 Kf6 43. h3 Ra5 44. Rfd1 Re5 45. R1d6+ Kg7 46. Rc6 Rf5 47. Rcc7 Kg8 48. Bh5 Kg7 49. Bg4 Rf6 50. Kh2 Re8 51. Rb7 Rf8 52. Rdc7 Rxf2 53. Ra7 Rf6 54. Ra3 Re8 55. Rac3 Rf8 56. Rd7 Rf4 57. Rcc7 Rf6 58. Be2 Rf4 59. Bc4 Rf6 60. Ba2 Rf5 61. h4 Rf6 62. hxg5 hxg5 63. Rxf7+ R8xf7 64. Rxf7+ Rxf7 65. Bxf7 Kxf7 66. Kg3 Kg6 67. Kg4 Kh6 68. Kf3 Kh5 69. Kg3 Kg6 70. Kh2 Kh6 71. Kh3 Kh5 72. Kg3 Kg6 1/2-1/2

[Event "Play for Durgesh Fundraiser Blitz"]
[Site "Vishy Anand Arena"]
[Date "2020.09.19"]
[Round "7"]
[White "MMT2007"]
[Black "Arjunkhandelwal"]
[Result "1-0"]
[WhiteElo "1907"]
[BlackElo "1703"]
[Annotator "NA"]
[PlyCount "99"]
[EventDate "2020.09.19"]
[EventType "swiss (blitz)"]

1. d4 Nf6 2. c4 e5 3. Nc3 exd4 4. Qxd4 Nc6 5. Qd1 Bb4 6. e3 Ne4 7. Qc2 Nxc3 8. bxc3 Be7 9. Bd3 d6 10. Nf3 Bg4 11. Nd4 Ne5 12. Be2 Bxe2 13. Qxe2 Qd7 14. O-O O-O 15. f4 Nc6 16. e4 Bf6 17. Be3 Rfe8 18. Qf3 Nxd4 19. cxd4 Qc6 20. e5 Qxf3 21. Rxf3 dxe5 22. fxe5 Be7 23. Raf1 Rf8 24. Rg3 g6 25. Bh6 Rfd8 26. d5 Bc5+ 27. Kh1 Rd7 28. Rgf3 Bf8 29. Bxf8 Rxf8 30. e6 Re7 31. h4 f5 32. g4 Kg7 33. gxf5 gxf5 34. Rxf5 Rxf5 35. Rxf5 Kg6 36. Rf3 c6 37. Kg2 cxd5 38. cxd5 Kh5 39. Kh3 Re8 40. Rf5+ Kg6 41. Kg4 Rd8 42. e7 Re8 43. d6 h5+ 44. Rxh5 Kf6 45. Rh6+ Kf7 46. Kf5 Rc8 47. Rf6+ Ke8 48. Rf8+ Kd7 49. Rxc8 Kxc8 50. e8=Q# 1-0

[Event "Play for Durgesh Fundraiser Blitz"]
[Site "Vishy Anand Arena"]
[Date "2020.09.19"]
[Round "7"]
[White "knowledge_gm"]
[Black "Kakashi Hatake"]
[Result "1-0"]
[WhiteElo "1896"]
[BlackElo "1499"]
[Annotator "NA"]
[PlyCount "73"]
[EventDate "2020.09.19"]
[EventType "swiss (blitz)"]

1. e4 e6 2. d4 d5 3. Nc3 Bb4 4. e5 Ne7 5. a3 Bxc3+ 6. bxc3 c5 7. Qg4 Nbc6 8. Qxg7 Rg8 9. Qxh7 cxd4 10. Ne2 Qc7 11. f4 dxc3 12. Qd3 d4 13. Nxd4 Nxd4 14. Qxd4 Bd7 15. Rg1 Nf5 16. Qf2 Qc6 17. Bd3 Qd5 18. Rb1 Bc6 19. Rb3 Qa5 20. g4 Ne7 21. Be3 Nd5 22. Ke2 Rd8 23. h3 Nxe3 24. Qxe3 Bd5 25. Bb5+ Bc6 26. Bxc6+ bxc6 27. Qxc3 Qa6+ 28. Ke3 Kf8 29. Qc5+ Kg7 30. Rc3 Rd5 31. Qxc6 Qa5 32. Qc7 Qa4 33. Qc4 Qd7 34. Rd3 Rd8 35. Rxd5 exd5 36. Qd4 Rc8 37. e6+ 1-0

[Event "Play for Durgesh Fundraiser Blitz"]
[Site "Vishy Anand Arena"]
[Date "2020.09.19"]
[Round "7"]
[White "Kaspypran"]
[Black "Aaryan Varshney"]
[Result "0-1"]
[WhiteElo "1895"]
[BlackElo "2106"]
[Annotator "NA"]
[PlyCount "100"]
[EventDate "2020.09.19"]
[EventType "swiss (blitz)"]

1. d4 Nf6 2. Bf4 d5 3. e3 c5 4. c3 Nc6 5. Nd2 e6 6. Ngf3 Bd6 7. Ne5 Qc7 8. Bb5 O-O 9. Ndf3 cxd4 10. exd4 Ne4 11. Nxc6 bxc6 12. Bxd6 Qxd6 13. Bd3 Rb8 14. Qe2 f5 15. O-O Bd7 16. Ne5 Rfc8 17. f3 Nf6 18. b3 c5 19. Rfe1 cxd4 20. cxd4 Be8 21. Rac1 Qb6 22. Qe3 h6 23. Bb1 Qd6 24. Nd3 Bf7 25. Rxc8+ Rxc8 26. Nc5 a5 27. Bd3 f4 28. Qe5 Qxe5 29. Rxe5 Rc6 30. Bb5 Rb6 31. a4 Kf8 32. Kf1 Ke7 33. Ke1 Kd6 34. Kd2 g5 35. h3 Nh5 36. Kc3 Ng3 37. Bd7 Ke7 38. Bb5 Kd6 39. Re1 Nf5 40. Nd3 Ne3 41. Re2 Rb8 42. Ne5 Be8 43. Bxe8 Rxe8 44. Nf7+ Ke7 45. Nxh6 Rc8+ 46. Kb2 Nd1+ 47. Ka3 Rc1 48. Nf5+ Kf6 49. Nd6 Nc3 50. Rb2 Ra1+ 0-1

[Event "Play for Durgesh Fundraiser Blitz"]
[Site "Vishy Anand Arena"]
[Date "2020.09.19"]
[Round "7"]
[White "MirageFafnir"]
[Black "Aditya_dpawn"]
[Result "0-1"]
[WhiteElo "1881"]
[BlackElo "2026"]
[PlyCount "120"]
[EventDate "2020.09.19"]
[EventType "swiss (blitz)"]

1. e4 c5 2. Nf3 d6 3. d4 cxd4 4. Nxd4 Nf6 5. Nc3 g6 6. Be3 Bg7 7. f3 O-O 8. Bc4 Nc6 9. Qd2 Bd7 10. O-O-O Qa5 11. Bb3 Rfc8 12. h4 Ne5 13. h5 Rxc3 14. Qxc3 Qxc3 15. bxc3 Nxh5 16. g4 Nf6 17. Kb2 a5 18. a4 Bxa4 19. g5 Nh5 20. Bxa4 Nc4+ 21. Kc1 Nxe3 22. Rde1 Nc4 23. Rhf1 Be5 24. Rg1 Bf4+ 25. Kb1 Nd2+ 26. Ka2 Rc8 27. Re2 Rxc3 28. Rd1 Rc4 29. Rexd2 Rxa4+ 30. Kb3 Rb4+ 31. Ka3 Bxd2 32. Rxd2 Nf4 33. c3 Rc4 34. Kb3 Rc5 35. Nc2 Rxg5 36. Ka4 Rc5 37. Kb3 b5 38. Nd4 Ne6 39. Nxe6 fxe6 40. Rd4 e5 41. Rd3 Kf7 42. Re3 h5 43. Rd3 h4 44. Rd2 g5 45. Rh2 Kf6 46. Rg2 Rc4 47. Rf2 a4+ 48. Kb2 b4 49. cxb4 Rxb4+ 50. Ka3 Rd4 51. Ka2 Kg6 52. Ka3 e6 53. Ka2 d5 54. Rb2 dxe4 55. Rb8 exf3 56. Ka3 Kf5 57. Rg8 e4 58. Rf8+ Kg4 59. Re8 e3 60. Rxe6 e2 0-1

[Event "Play for Durgesh Fundraiser Blitz"]
[Site "Vishy Anand Arena"]
[Date "2020.09.19"]
[Round "7"]
[White "aanjaneya"]
[Black "Shriya R"]
[Result "1-0"]
[WhiteElo "1868"]
[BlackElo "1858"]
[Annotator "NA"]
[PlyCount "119"]
[EventDate "2020.09.19"]
[EventType "swiss (blitz)"]

1. e4 c5 2. Nf3 Nc6 3. d4 cxd4 4. Nxd4 e6 5. Nc3 Qc7 6. Be3 a6 7. Qd2 Nf6 8. O-O-O Be7 9. f3 O-O 10. g4 d6 11. Rg1 Nxd4 12. Bxd4 b5 13. g5 Nd7 14. f4 Bb7 15. Bd3 e5 16. Be3 exf4 17. Bxf4 Ne5 18. Bxe5 dxe5 19. h4 Bb4 20. Kb1 Rac8 21. h5 Bxc3 22. Qxc3 Qxc3 23. bxc3 Rxc3 24. g6 fxg6 25. hxg6 hxg6 26. Rxg6 Rf6 27. Rg5 Re6 28. Rdg1 Re7 29. Rf1 Bc8 30. Rh1 Rc6 31. Rgh5 Kf7 32. Rh8 Bd7 33. Rf1+ Rf6 34. Rg1 Rg6 35. Rf1+ Rf6 36. Rfh1 Re8 37. R8h5 Re7 38. Kb2 Rf4 39. Rg1 Bc6 40. Rhg5 Kf8 41. R5g4 Rxg4 42. Rxg4 Rf7 43. Kb3 Rf4 44. Rg5 Bxe4 45. Rxe5 Bxd3 46. cxd3 Kf7 47. Kc3 Kf6 48. Rc5 g5 49. Rc6+ Kf5 50. Rxa6 g4 51. Ra8 g3 52. Rf8+ Kg5 53. Rg8+ Kh4 54. Rh8+ Kg4 55. Rg8+ Kf3 56. d4 Rg4 57. Rf8+ Ke2 58. Re8+ Kd1 59. Re3 g2 60. Rd3+ 1-0

[Event "Play for Durgesh Fundraiser Blitz"]
[Site "Vishy Anand Arena"]
[Date "2020.09.19"]
[Round "7"]
[White "Twobrothers"]
[Black "anandfan"]
[Result "1-0"]
[WhiteElo "1867"]
[BlackElo "1797"]
[Annotator "NA"]
[PlyCount "111"]
[EventDate "2020.09.19"]
[EventType "swiss (blitz)"]

1. e4 c5 2. d4 cxd4 3. c3 dxc3 4. Nxc3 e6 5. Nf3 Nc6 6. Bc4 Nge7 7. O-O Ng6 8. Qe2 a6 9. Rd1 b5 10. Bb3 Qb6 11. Be3 Bc5 12. Bxc5 Qxc5 13. Rac1 Qb6 14. Nd5 Qd8 15. Qe3 O-O 16. Rxc6 exd5 17. Rcc1 dxe4 18. Qxe4 Rb8 19. Qd4 Qb6 20. Qxb6 Rxb6 21. Rc7 Rc6 22. Ra7 d6 23. Nd4 Rb6 24. Rc1 Bb7 25. Rc7 Rb8 26. Bxf7+ Kh8 27. Bxg6 hxg6 28. h3 d5 29. Nb3 d4 30. Nc5 Bd5 31. Rxg7 Bg8 32. Rge7 Rc6 33. b4 Rd8 34. Red7 Rd6 35. Rxd8 Rxd8 36. Rxa6 d3 37. Nxd3 Rxd3 38. Rxg6 Rd1+ 39. Kh2 Rd2 40. Kg3 Rxa2 41. Rb6 Bc4 42. f4 Rb2 43. f5 Bf1 44. Kh4 Rxg2 45. f6 Rh2 46. f7 Rxh3+ 47. Kg4 Kg7 48. Rxb5 Rh1 49. Rb7 Rg1+ 50. Kf3 Bc4 51. Ke3 Bxf7 52. Kd4 Rg6 53. Kc5 Rg4 54. b5 Rg6 55. b6 Kh6 56. Rc7 1-0

[Event "Play for Durgesh Fundraiser Blitz"]
[Site "Vishy Anand Arena"]
[Date "2020.09.19"]
[Round "7"]
[White "Khs95"]
[Black "Ccc2016"]
[Result "1-0"]
[WhiteElo "1857"]
[BlackElo "1970"]
[Annotator "NA"]
[PlyCount "75"]
[EventDate "2020.09.19"]
[EventType "swiss (blitz)"]

1. e3 c5 2. b3 Nc6 3. Bb2 d5 4. Nf3 Nf6 5. d4 Bg4 6. dxc5 e6 7. h3 Bh5 8. Be2 Bxc5 9. O-O O-O 10. Nbd2 Rc8 11. c4 Bg6 12. cxd5 Nxd5 13. Nc4 b5 14. Nce5 Nxe5 15. Nxe5 Bd6 16. Bxb5 Qg5 17. Nf3 Qe7 18. Qd4 Nf6 19. Rac1 Bb8 20. Qh4 Rxc1 21. Rxc1 Nd5 22. Qd4 Nf6 23. Rd1 Qc7 24. Rc1 Bh5 25. Rxc7 Bxc7 26. Qh4 Rd8 27. Bxf6 Rd1+ 28. Bf1 Bg6 29. Be5 Bd3 30. Bxc7 Rxf1+ 31. Kh2 f6 32. Qd4 Bf5 33. Qd7 h6 34. Qe8+ Kh7 35. Nh4 Bb1 36. Qf7 Rxf2 37. Bd6 Be4 38. Bf8 1-0

[Event "Play for Durgesh Fundraiser Blitz"]
[Site "Vishy Anand Arena"]
[Date "2020.09.19"]
[Round "7"]
[White "Apply11"]
[Black "Aditya_06"]
[Result "0-1"]
[WhiteElo "1853"]
[BlackElo "1779"]
[Annotator "NA"]
[PlyCount "94"]
[EventDate "2020.09.19"]
[EventType "swiss (blitz)"]

1. e4 c5 2. Nf3 d6 3. d4 cxd4 4. Nxd4 Nf6 5. Nc3 a6 6. Bg5 e6 7. f4 Qb6 8. Nb3 Nbd7 9. Qf3 Be7 10. O-O-O Qc7 11. Bd3 b5 12. Rhe1 O-O 13. Qg3 e5 14. f5 Bb7 15. Bxf6 Nxf6 16. Kb1 b4 17. Ne2 a5 18. Qe3 a4 19. Nd2 b3 20. cxb3 axb3 21. Nxb3 d5 22. Rc1 Qd7 23. Nc5 Bxc5 24. Rxc5 dxe4 25. Bb5 Qd6 26. Rec1 Nd5 27. Qb3 Nf4 28. Ng3 Nd3 29. Bxd3 exd3 30. Qxb7 d2 31. Rd1 Qxc5 32. Rxd2 Qg1+ 33. Kc2 Rfc8+ 34. Kd3 Qd4+ 35. Ke2 Qg4+ 36. Kf2 Qf4+ 37. Ke2 h5 38. Ne4 Qg4+ 39. Kf2 Qf4+ 40. Ke2 Qg4+ 41. Kf2 Qh4+ 42. Ke2 Qxh2 43. Nf2 Qf4 44. f6 Rd8 45. Rxd8+ Rxd8 46. fxg7 Rd2+ 47. Ke1 Qxf2# 0-1

[Event "Play for Durgesh Fundraiser Blitz"]
[Site "Vishy Anand Arena"]
[Date "2020.09.19"]
[Round "7"]
[White "Namitbir Singh"]
[Black "Iameture123"]
[Result "1-0"]
[WhiteElo "1847"]
[BlackElo "1411"]
[Annotator "NA"]
[PlyCount "55"]
[EventDate "2020.09.19"]
[EventType "swiss (blitz)"]

1. e4 e5 2. Nf3 Nc6 3. Bc4 Nf6 4. O-O Bc5 5. d4 exd4 6. e5 Ne4 7. Re1 d5 8. exd6 Bxd6 9. Rxe4+ Ne7 10. Nxd4 O-O 11. Nc3 Bc5 12. Nf3 Qxd1+ 13. Nxd1 Bf5 14. Re2 Nc6 15. Be3 Bg4 16. Bxc5 Rfe8 17. Ne3 Bxf3 18. gxf3 Rxe3 19. Rxe3 Rd8 20. Rae1 h6 21. Bd3 g6 22. Re8+ Rxe8 23. Rxe8+ Kg7 24. Bf8+ Kh7 25. c3 Na5 26. Be7 Nc6 27. Bf6 h5 28. Rh8# 1-0

[Event "Play for Durgesh Fundraiser Blitz"]
[Site "Vishy Anand Arena"]
[Date "2020.09.19"]
[Round "7"]
[White "thor_attack"]
[Black "Sadhika"]
[Result "1-0"]
[WhiteElo "1822"]
[BlackElo "1614"]
[Annotator "NA"]
[PlyCount "87"]
[EventDate "2020.09.19"]
[EventType "swiss (blitz)"]

1. e4 e5 2. Nf3 Nc6 3. Bb5 a6 4. Ba4 Nge7 5. O-O g6 6. d4 exd4 7. Nxd4 Bg7 8. Nxc6 Nxc6 9. Nc3 O-O 10. Be3 d6 11. Bb3 Be6 12. Qd2 Qd7 13. Bh6 b5 14. Bxg7 Kxg7 15. Rad1 Qe7 16. Nd5 Bxd5 17. exd5 Ne5 18. Rfe1 Qf6 19. c3 Nc4 20. Bxc4 bxc4 21. Re4 Rae8 22. Rxc4 c5 23. dxc6 Re6 24. c7 Rc8 25. h3 d5 26. Rc5 Rd6 27. a4 Re6 28. b4 Rd6 29. b5 Re6 30. Qxd5 Re2 31. Qd4 Qxd4 32. Rxd4 axb5 33. axb5 Re1+ 34. Kh2 Rb1 35. Rb4 Rxb4 36. cxb4 Kf6 37. b6 Ke7 38. b7 Re8 39. c8=Q Rxc8 40. bxc8=Q Kd6 41. Qc7+ Ke6 42. Qe5+ Kd7 43. Rc7+ Kd8 44. Qe7# 1-0

[Event "Play for Durgesh Fundraiser Blitz"]
[Site "Vishy Anand Arena"]
[Date "2020.09.19"]
[Round "7"]
[White "Manasa_chess lady"]
[Black "Suyash45"]
[Result "0-1"]
[WhiteElo "1820"]
[BlackElo "1955"]
[Annotator "NA"]
[PlyCount "100"]
[EventDate "2020.09.19"]
[EventType "swiss (blitz)"]

1. e4 c5 2. Nc3 e6 3. g3 d5 4. exd5 exd5 5. d4 Nf6 6. Bg2 cxd4 7. Qxd4 Nc6 8. Qd1 Be6 9. Nge2 a6 10. Bg5 Bb4 11. O-O O-O 12. Bxf6 Qxf6 13. Nxd5 Bxd5 14. Qxd5 Qxb2 15. Qb3 Qxb3 16. cxb3 Rfe8 17. Bxc6 bxc6 18. Nd4 Bc3 19. Rad1 c5 20. Nf5 Re2 21. a4 g6 22. Nd6 Rb8 23. Rc1 Rxb3 24. Rfd1 Bd4 25. Rf1 Rf3 26. Rce1 Bxf2+ 27. Rxf2 Rfxf2 28. Rxe2 Rxe2 29. Nb7 c4 30. Nc5 c3 31. Nd3 c2 32. Kf1 Rd2 33. Nc1 Rd1+ 34. Ke2 Rxc1 35. Kd2 Ra1 36. Kxc2 Rxa4 37. Kb3 Rd4 38. Kc3 Rd8 39. h3 Rb8 40. g4 a5 41. h4 a4 42. g5 a3 43. h5 a2 44. hxg6 a1=Q+ 45. Kd3 Rb3+ 46. Kc4 Qa4+ 47. Kc5 Rb5+ 48. Kd6 Qa6+ 49. Ke7 Rb7+ 50. Ke8 Qa8# 0-1

[Event "Play for Durgesh Fundraiser Blitz"]
[Site "Vishy Anand Arena"]
[Date "2020.09.19"]
[Round "7"]
[White "Henrik"]
[Black "Rosh161011"]
[Result "1-0"]
[WhiteElo "1773"]
[BlackElo "1698"]
[Annotator "NA"]
[PlyCount "63"]
[EventDate "2020.09.19"]
[EventType "swiss (blitz)"]
[WhiteTeam "SK Gründau"]

1. e4 e6 2. d4 d5 3. Nd2 Nf6 4. e5 Nfd7 5. f4 c5 6. c3 Nc6 7. Ndf3 Be7 8. Bd3 f6 9. Ne2 O-O 10. O-O fxe5 11. fxe5 cxd4 12. cxd4 b6 13. Bxh7+ Kxh7 14. Qc2+ Kg8 15. Qxc6 Nc5 16. dxc5 Bd7 17. Qb7 Bb5 18. Re1 Bxc5+ 19. Kh1 Rf7 20. Qxf7+ Kxf7 21. Bg5 Qh8 22. Ned4 Bxd4 23. Nxd4 Ba6 24. b4 Bc4 25. Rac1 Qh5 26. h4 Rh8 27. Kg1 Qg4 28. Nf3 Ke8 29. Red1 Rf8 30. Rd4 Qg3 31. Rcxc4 Rxf3 32. Rc8+ 1-0

[Event "Play for Durgesh Fundraiser Blitz"]
[Site "Vishy Anand Arena"]
[Date "2020.09.19"]
[Round "7"]
[White "Suryakhanal"]
[Black "Passedpawnindia"]
[Result "1-0"]
[WhiteElo "1752"]
[BlackElo "1788"]
[Annotator "NA"]
[PlyCount "67"]
[EventDate "2020.09.19"]
[EventType "swiss (blitz)"]

1. d4 c5 2. d5 e5 3. c4 d6 4. Nc3 Be7 5. g3 Bg5 6. e3 h5 7. Bg2 h4 8. Nge2 h3 9. Bf3 Nf6 10. Qc2 g6 11. e4 Bxc1 12. Rxc1 g5 13. O-O Na6 14. a3 g4 15. Bh1 Bd7 16. f4 gxf3 17. Bxf3 Qe7 18. Nd1 O-O-O 19. Ne3 Rdg8 20. Qc3 Kb8 21. b4 Rg5 22. b5 Nc7 23. b6 axb6 24. Rb1 Na8 25. a4 Rhg8 26. a5 bxa5 27. Qxa5 Qd8 28. Qa3 Nb6 29. Rb3 Na4 30. Rfb1 Qc7 31. Nc3 Nxc3 32. Rxc3 Rxg3+ 33. hxg3 Rxg3+ 34. Kf2 1-0

[Event "Play for Durgesh Fundraiser Blitz"]
[Site "Vishy Anand Arena"]
[Date "2020.09.19"]
[Round "7"]
[White "Sohammdh"]
[Black "Sujay_bm"]
[Result "0-1"]
[WhiteElo "1749"]
[BlackElo "1825"]
[Annotator "NA"]
[PlyCount "84"]
[EventDate "2020.09.19"]
[EventType "swiss (blitz)"]

1. e4 c5 2. Nf3 d6 3. d4 cxd4 4. Nxd4 Nf6 5. Nc3 g6 6. Be3 a6 7. f3 Bg7 8. Be2 b5 9. O-O Bb7 10. a3 Nbd7 11. Qd2 Rc8 12. Rad1 Ne5 13. Bh6 Bxh6 14. Qxh6 Nc4 15. Bxc4 Rxc4 16. e5 dxe5 17. Nde2 Qb6+ 18. Kh1 Nh5 19. Rd3 Rh4 20. Qd2 O-O 21. Rd1 Nf4 22. Nxf4 Rxf4 23. Rd8 Qf6 24. Rxf8+ Kxf8 25. Qd8+ Kg7 26. Qd3 Rd4 27. Qe3 Rxd1+ 28. Nxd1 Qd6 29. Nf2 f6 30. h3 h5 31. Ne4 Qd1+ 32. Kh2 Bxe4 33. Qxe4 Qd6 34. c3 f5 35. Qb7 e4+ 36. f4 Qxf4+ 37. Kh1 Qf1+ 38. Kh2 Qf4+ 39. Kh1 Qe5 40. Qc6 e3 41. Qxa6 e2 42. Qb7 e1=Q# 0-1

[Event "Play for Durgesh Fundraiser Blitz"]
[Site "Vishy Anand Arena"]
[Date "2020.09.19"]
[Round "7"]
[White "Scorpion29"]
[Black "Amalraj001"]
[Result "1-0"]
[WhiteElo "1741"]
[BlackElo "1652"]
[Annotator "NA"]
[PlyCount "71"]
[EventDate "2020.09.19"]
[EventType "swiss (blitz)"]

1. e4 c5 2. b4 d6 3. bxc5 dxc5 4. Bb5+ Bd7 5. a4 a6 6. Bxd7+ Nxd7 7. Bb2 e5 8. Nf3 Bd6 9. d3 Ne7 10. Nbd2 O-O 11. Nc4 Bc7 12. Ncxe5 Nxe5 13. Nxe5 Bxe5 14. Bxe5 Nc6 15. Bc3 Qg5 16. O-O Rad8 17. f4 Qg6 18. Rf3 f6 19. Rb1 Rd7 20. Rg3 Qf7 21. h4 Re8 22. h5 h6 23. Qg4 Nd4 24. Bxd4 Rxd4 25. Qg6 Qxg6 26. Rxg6 Re7 27. Rb6 Rxa4 28. Rbxf6 Kh7 29. Rf5 Rc7 30. e5 Ra2 31. e6 Rxc2 32. Rf7 Rc8 33. Rgxg7+ Kh8 34. e7 Re2 35. Rh7+ Kg8 36. Rfg7# 1-0

[Event "Play for Durgesh Fundraiser Blitz"]
[Site "Vishy Anand Arena"]
[Date "2020.09.19"]
[Round "7"]
[White "Duvvaabbulu"]
[Black "AyushR"]
[Result "0-1"]
[WhiteElo "1739"]
[BlackElo "1739"]
[Annotator "NA"]
[PlyCount "124"]
[EventDate "2020.09.19"]
[EventType "swiss (blitz)"]

1. e4 e5 2. Nf3 Nc6 3. d4 exd4 4. Bc4 d6 5. Nxd4 Nf6 6. Nc3 Be7 7. O-O O-O 8. f4 Re8 9. Nxc6 bxc6 10. Be3 Bb7 11. Bd3 Bf8 12. Qe1 Rb8 13. b3 g6 14. Qh4 Bg7 15. Rae1 Nd7 16. Qf2 Bxc3 17. Re2 Nc5 18. f5 Nxd3 19. cxd3 d5 20. f6 dxe4 21. dxe4 Rxe4 22. Qf3 Re6 23. Bg5 Rxe2 24. Qxe2 Qe8 25. Qf3 Bb4 26. Qf4 Bd6 27. Qh4 Bf8 28. Qf4 Qd7 29. Bh6 Rd8 30. Bxf8 Qd4+ 31. Qxd4 Rxd4 32. Bc5 Rd2 33. a3 Rc2 34. b4 Rc3 35. a4 h5 36. Rd1 Ra3 37. a5 Ba6 38. Rd8+ Kh7 39. Rd7 Ra1+ 40. Kf2 Rf1+ 41. Ke3 Rxf6 42. Rxc7 Re6+ 43. Kd4 Kg7 44. Rxa7 Bf1 45. g3 Rf6 46. Kc3 Rf3+ 47. Kb2 Rf2+ 48. Kc1 Bh3 49. Bd4+ Rf6 50. Bf2 Rxf2 51. Rxf7+ Rxf7 52. a6 Rf1+ 53. Kb2 Rf2+ 54. Kc3 Rf3+ 55. Kd4 Ra3 56. Kc5 Rxa6 57. Kd6 Ra8 58. Kc7 Rd8 59. Kb6 Rf8 60. Kc5 Rf6 61. Kb6 Rf5 62. Kc7 Rf6 0-1

[Event "Play for Durgesh Fundraiser Blitz"]
[Site "Vishy Anand Arena"]
[Date "2020.09.19"]
[Round "7"]
[White "VedTheKnight"]
[Black "Vishvajeet Singh"]
[Result "0-1"]
[WhiteElo "1737"]
[BlackElo "1611"]
[Annotator "NA"]
[PlyCount "74"]
[EventDate "2020.09.19"]
[EventType "swiss (blitz)"]

1. d4 Nf6 2. Bf4 e6 3. e3 d6 4. Bd3 Nbd7 5. Nf3 Be7 6. c3 b6 7. Nbd2 Bb7 8. h3 c5 9. O-O h6 10. Re1 g5 11. Bh2 g4 12. hxg4 Nxg4 13. Bg3 h5 14. e4 h4 15. Nxh4 Nxf2 16. Bxf2 Bxh4 17. Qg4 Nf6 18. Qg7 Rg8 19. Bb5+ Ke7 20. Qh6 Bxf2+ 21. Kf1 Bxe1 22. Rxe1 Qf8 23. Qf4 Rg4 24. Qf3 Qh6 25. Nc4 Rf4 26. d5 Rxf3+ 27. gxf3 a6 28. Nxb6 axb5 29. Nxa8 Bxa8 30. dxe6 fxe6 31. Kf2 Qh2+ 32. Ke3 d5 33. exd5 Nxd5+ 34. Ke4 Nxc3+ 35. Kd3 Nxa2 36. f4 Nb4+ 37. Kc3 Qc2# 0-1

[Event "Play for Durgesh Fundraiser Blitz"]
[Site "Vishy Anand Arena"]
[Date "2020.09.19"]
[Round "7"]
[White "Haldankardhruv"]
[Black "Tusharsawant91"]
[Result "1-0"]
[WhiteElo "1736"]
[BlackElo "1538"]
[Annotator "NA"]
[PlyCount "70"]
[EventDate "2020.09.19"]
[EventType "swiss (blitz)"]

1. e4 e5 2. Nf3 Nc6 3. c3 d6 4. d4 exd4 5. cxd4 Nf6 6. Nc3 Be7 7. Be2 O-O 8. O-O h6 9. h3 Bd7 10. Be3 a6 11. Rc1 Rc8 12. Bd3 Re8 13. a3 Bf8 14. Re1 Ne7 15. e5 dxe5 16. dxe5 Nh7 17. Bxh7+ Kxh7 18. Nd4 Nc6 19. Qc2+ Kg8 20. Nxc6 Bxc6 21. Rcd1 Qe7 22. Bf4 Red8 23. Ne4 Rxd1 24. Qxd1 Qh4 25. Bg3 Qe7 26. Qg4 Bxe4 27. Qxc8 Qc5 28. Rxe4 Qc1+ 29. Kh2 Qxb2 30. e6 fxe6 31. Qxe6+ Kh8 32. Qf7 Qxa3 33. Re8 b5 34. Rxf8+ Qxf8 35. Qxf8+ Kh7 1-0

[Event "Play for Durgesh Fundraiser Blitz"]
[Site "Vishy Anand Arena"]
[Date "2020.09.19"]
[Round "7"]
[White "mightyqueen"]
[Black "Avichaljadeja02"]
[Result "0-1"]
[WhiteElo "1736"]
[BlackElo "1654"]
[Annotator "NA"]
[PlyCount "26"]
[EventDate "2020.09.19"]
[EventType "swiss (blitz)"]

1. d4 Nf6 2. Bf4 c5 3. e3 d5 4. Nf3 Nc6 5. Nbd2 Qb6 6. dxc5 Qxb2 7. Nb3 e5 8. Bg5 Ne4 9. Rb1 Qxa2 10. Ra1 Qb2 11. Rb1 Qc3+ 12. Ke2 b6 13. cxb6 Ba6+ 0-1

[Event "Play for Durgesh Fundraiser Blitz"]
[Site "Vishy Anand Arena"]
[Date "2020.09.19"]
[Round "7"]
[White "Sathvik_adiga11"]
[Black "ArkaCHESS"]
[Result "1-0"]
[WhiteElo "1733"]
[BlackElo "1507"]
[Annotator "NA"]
[PlyCount "127"]
[EventDate "2020.09.19"]
[EventType "swiss (blitz)"]

1. e4 e5 2. Nf3 Nf6 3. Nxe5 Nc6 4. Nxc6 dxc6 5. d3 Bc5 6. Nc3 Ng4 7. Be3 Nxe3 8. fxe3 Bxe3 9. Qf3 Bc5 10. Be2 Bb4 11. Rf1 O-O 12. O-O-O Bxc3 13. bxc3 Qg5+ 14. Kb2 Qb5+ 15. Ka1 Be6 16. d4 Qa4 17. c4 Bxc4 18. Bxc4 Qxc4 19. Qb3 Qxb3 20. cxb3 Rfe8 21. Rf4 Re7 22. e5 Rd8 23. Rdf1 g5 24. Rg4 h6 25. h4 Kh7 26. hxg5 Rg8 27. Rgf4 hxg5 28. Rxf7+ Rg7 29. Rxe7 Rxe7 30. Kb2 Kg6 31. g4 Rd7 32. Kc3 b5 33. Rf6+ Kg7 34. Rxc6 a5 35. Rc5 b4+ 36. Kc4 Rf7 37. Rxa5 Rf4 38. e6 Rxg4 39. Ra7 Kf6 40. Rxc7 Kxe6 41. Rc5 Rg1 42. Re5+ Kd6 43. Re8 g4 44. Rg8 Ra1 45. Kxb4 Rxa2 46. Rxg4 Rd2 47. Kc3 Rd1 48. Rg5 Rc1+ 49. Kb4 Rd1 50. d5 Rd4+ 51. Kc3 Rf4 52. b4 Rf3+ 53. Kc4 Rf4+ 54. Kb5 Rd4 55. Ka5 Rxd5+ 56. Rxd5+ Kxd5 57. b5 Kd6 58. Ka6 Kc7 59. b6+ Kb8 60. b7 Kc7 61. Ka7 Kc6 62. b8=Q Kc5 63. Qb6+ Kc4 64. Ka6 1-0